NBA Championship Starters - 1960-1989 - Statistics

General Stats
  • This quiz has been taken 2,291 times
  • The average score is 39 of 81
Answer Stats
Player % Correct
Kareem Abdul-Jabbar
98%
Magic Johnson
98%
Isiah Thomas
97%
Larry Bird
97%
Bill Russell
94%
Kevin McHale
91%
Dennis Johnson
90%
Charles Johnson
89%
James Worthy
89%
John Johnson
89%
Julius Erving
89%
Wilt Chamberlain
89%
Joe Dumars
88%
Bill Laimbeer
86%
Bill Walton
86%
Robert Parish
86%
Bob Cousy
84%
John Havlicek
84%
Moses Malone
84%
Jerry West
83%
Wes Unseld
79%
K. C. Jones
77%
Sam Jones
77%
Wali Jones
77%
Willis Reed
77%
Oscar Robertson
75%
Walt Frazier
75%
Rick Barry
74%
Elvin Hayes
67%
Dave Cowens
65%
Jo Jo White
62%
A.C. Green
55%
Danny Ainge
53%
Byron Scott
51%
Cedric Maxwell
51%
Charlie Scott
51%
Maurice Cheeks
51%
Earl Monroe
48%
Gail Goodrich
45%
Mark Aguirre
45%
Hal Greer
44%
Tom Heinsohn
44%
Nate Archibald
42%
Gus Williams
40%
Luke Jackson
40%
Dave DeBusschere
39%
Greg Smith
38%
Kurt Rambis
37%
Bill Sharman
36%
Jack Sikma
35%
Jamaal Wilkes
33%
Maurice Lucas
32%
Norm Nixon
31%
Rick Mahorn
31%
Bill Bradley
23%
Bob Dandridge
23%
Satch Sanders
22%
Andrew Toney
19%
Johnny Davis
17%
Chet Walker
16%
Frank Ramsey
15%
Paul Silas
15%
Gerald Henderson
14%
Tom Henderson
14%
Dick Barnett
13%
Happy Hairston
12%
Bailey Howell
11%
Jon McGlocklin
11%
Chris Ford
10%
Jim McMillian
9%
Lionel Hollins
9%
Marc Iavaroni
9%
Jim Chones
8%
Jim Loscutoff
7%
Larry Siegfried
7%
Butch Beard
6%
Clifford Ray
6%
Don Chaney
6%
Bob Gross
5%
Lonnie Shelton
5%
Kevin Grevey
4%
No matching quizzes found
Score Distribution
Percent of People with Each Score
Percentile by Number Answered
Your Score History
You have not taken this quiz